The light absorption of some cyanine dyes adsorbed on cellophane

Elmentve itt :
Bibliográfiai részletek
Szerző: Szepesy G. L.
Dokumentumtípus: Cikk
Megjelent: 1956
Sorozat:Acta physica et chemica 2 No. 1-4
Kulcsszavak:Természettudomány, Kémia
Online Access:http://acta.bibl.u-szeged.hu/23465
LEADER 00634nab a2200181 i 4500
001 acta23465
005 20210602125344.0
008 161017s1956 hu o 0|| eng d
022 |a 0001-6721 
040 |a SZTE Egyetemi Kiadványok Repozitórium  |b hun 
041 |a eng 
100 1 |a Szepesy G. L. 
245 1 4 |a The light absorption of some cyanine dyes adsorbed on cellophane  |h [elektronikus dokumentum] /  |c  Szepesy G. L. 
260 |c 1956 
300 |a 140-148 
490 0 |a Acta physica et chemica  |v 2 No. 1-4 
695 |a Természettudomány, Kémia 
856 4 0 |u http://acta.bibl.u-szeged.hu/23465/1/phys_chem_002_140-148.pdf  |z Dokumentum-elérés